zpět

Detail výsledku týmu

Base Camp, Přerov

Datum a čas kvízu

38.5 Celkem bodů Celkový počet nahraných bodů na tomto kvízu bez doplňovacích otázek.
3. Pořadí na kvízu Konečné umístění týmu na tomto kvízu.

Zaznamenané odpovědi

# Otázka Odpověď Body Výsledky
1. V pondělí byl na hradě Špilber... D) je nafukovací 0
2. Cestující, kteří v úterý chtěl... B) Švýcarsko 0
3. 43letý šéfkuchař ukončil na vl... Radek Kašpárek, Jan Punčochář 1
4. V loterii Eurojackpot padla je... ze Švédska 0
5. Jak se jmenuje 19letý český te... Jakub Menšík 1
6. Grónsko má v dánském parlament... Faerským ostrovům 1
7. Pokud byste chtěli okusit jedn... A 1
8. Že je Grónsko největším ostrov... C 0
9. Které tvrzení o Grónsku je pra... D 1
10. Pod kterým písmenem je snímek... A 1